<The> evolution of output in transition economies explaining the differences

Na minha lista:
Detalhes bibliográficos
Autor principal: Berg, Andrew
Outros Autores: Borensztein, Eduardo, Sahay, Ratna, Zettelmeyer, Jeromin
Formato: Livro
Idioma:inglês
Publicado em: Washington IMF 1999
Colecção:IMF working paper W/99/73
Assuntos:
Tags: Adicionar Tag
Sem tags, seja o primeiro a adicionar uma tag!

MARC

LEADER 00000nam a2200000 4500
001 c116216
005 20221221082302.4
041 0 |a eng 
044 |a US 
245 1 0 |a <The> evolution of output in transition economies  |b explaining the differences  |c Prepared by Andrew Berg, Eduardo Borensztein, Ratna Sahay, Jeromin Zettelmeyer 
264 1 |a Washington  |b IMF  |c 1999 
300 |a 81 s. 
490 1 |a IMF working paper  |v W/99/73 
830 0 |a IMF working paper  |v W/99/73 
610 2 0 |a reformy štruktúrne 
610 2 0 |a výroba 
610 2 0 |a SVE 
610 2 0 |a rast hospodársky 
610 2 0 |a rozvoj hospodársky 
610 2 0 |a transformácia 
610 2 0 |a porovnanie medzinárodné 
100 1 |a Berg, Andrew 
700 1 |a Borensztein, Eduardo 
700 1 |a Sahay, Ratna 
700 1 |a Zettelmeyer, Jeromin